O dragão Teobaldo (Registo nº 2243)

Detalhes MARC
000 -Etiqueta do registo
Cabeçalho 00824nam a22002651 4500
005 - Identificador da versão
Campo de controlo 20240813121928.0
095 ## -
-- PTBN00351240
100 ## - Dados gerais de processamento
Dados gerais de processamento 19980126d1985 cd y0pory5003 ba
102 ## - Pais de publicação ou produção
País de publicação Portugal
Localidade de publicação Lisboa
País de publicação Brasil
Localidade de publicação Säo Paulo
101 0# - Língua de publicação
Língua do texto, banda sonora, etc. Português
215 ## - Descrição física 
Indicação específica da natureza do documento e extensão da espécie 85 p.
Outras indicações físicas il.
Dimensões 21 cm
200 1# - Titulo e menção de responsabilidade
Título próprio O dragão Teobaldo
Informação de outro título e outras histórias
Primeira menção de responsabilidade Maria Alexandra Cóias
Outras menções de responsabilidade Joäo Cóias e Miguel Reis
225 2# - Colecção 
Título próprio da colecção Picapau
Indicação de volume 4
205 ## - Menção da edição
Menção da edição 2ª ed
210 ## - Publicação, Distribuição, etc. 
Lugar da edição, distribuição, etc. Lisboa
-- Säo Paulo
Nome do editor, distribuidor, etc. Verbo
Data da publicação, distribuição, etc. imp. 1985
606 ## - Nome comum usado como assunto
Número de registo de entrada de autoridade 0000029
Palavra de ordem Literatura portuguesa infantil
Subdivisão de assunto Conto
675 ## - Classificação Decimal Universal (CDU)
Notação 821.134.3-34
Edição
Língua da edição por
702 #1 - Nome de autor-pessoa física (responsabilidade secundária)
Número de registo de entrada de autoridade 0001069
Palavra de ordem Cóias
Outra parte do nome não tomada para palavra de ordem João
Código de função Ilustrador / Técnico de desenho computorizado
Número de registo de entrada de autoridade 0001070
Palavra de ordem Reis
Outra parte do nome não tomada para palavra de ordem Miguel
Datas 1894-?
Código de função Ilustrador / Técnico de desenho computorizado
700 #1 - Nome de autor-pessoa física (responsabilidade principal)
Número de registo de entrada de autoridade 0001068
Palavra de ordem Cóias
Outra parte do nome não tomada para palavra de ordem Maria Alexandra
942 ## - Elementos de entrada adicionados (Koha)
Tipo de item no Koha Livro
Exemplares
Situação do levantamento Origin of item (home branch) (coded) Biblioteca de empréstimo Código de barras Cota Circulation type (not for loan) Tipo de documento Nota do exemplar Damaged status
  Biblioteca Escolar da Coca Maravilhas Biblioteca Escolar da Coca Maravilhas BECM5666/02 8POR COI   Livro Sem mensagem